Изъ устъ народа (Запис № 580643)

МАРК-запис
000 -Лідер
fixed length control field 02290 a2200241 4500
001 - Контрольний номер
control field 2162214035926770
003 - Ідентифікатор контрольного номера
control field UA-OsUOA
005 - Дата та час останнього входження (трансакції)
control field 20260506093740.0
008 - Елементи даних фіксованої довжини – загальна інформація
fixed length control field 260505b un ||||| |||| 00| f ukr d
040 ## - Джерело каталогізації
Агенція оригінальної каталогізації UA-OsUOA
Мова каталогізації ukr
Агенція, яка здійснювала перезапис UA-OsUOA
Агенція, яка здійснювала модифікацію UA-OsUOA
041 ## - Код мови
Код мови тексту/ звукової доріжки чи окремого заголовка (П) ukr
080 ## - Індекс Універсальної десяткової класифікації
Індекс Універсальної десяткової класифікації (УДК) (НП) 39(477)
090 ## - Локальний шифр розміщення
Класифікаційний індекс УДК 39(477)
Авторський знак (НП) Г82
100 ## - Основне введення – ім’я особи
Ім’я особи (НП) Гринченко Б. Д.
9 (RLIN) 25175
245 ## - Відомості про назву
Назва (НП) Изъ устъ народа
Решта назви (НП) малорусскіе разсказы, сказки и пр.
260 ## - Публікація, розповсюдження і т.п. (Вихідні дані)
Місце публікації, розповсюдження і т.п. (П) Черниговъ
Дата публікації, розповсюдження і т.п. (П) 1900
Ім’я/ наймення видавництва, розповсюджувача і т.п. (П) б/в
300 ## - Фізичний опис
Обсяг 488 с.
520 ## - Резюме і т.п.
Резюме, реферат, анотація, тощо (НП) «Изъ устъ народа» (Чернігів, 1900) — це окремий наклад або додатковий випуск матеріалів визначного фольклориста Бориса Грінченка, виданий у друкарні губернського земства.<br/>Збірник містить автентичні записи народної прози — казки, легенди, перекази та побтові оповідки, зібрані переважно на теренах Чернігівщини. <br/>Грінченко вперше в українській науці застосував метод точної фіксації говірок, записуючи тексти саме так, як їх вимовляли селяни, без «літературного причісування».<br/>Книга розкриває народні уявлення про створення світу, міфічних істот, історичних постатей та щоденне життя українського селянства кінця XIX століття.<br/>Видання 1900 року є частиною великої етнографічної серії, яка стала фундаментом для подальшого розвитку української діалектології та фольклористики.
650 ## - Додаткове предметне введення – тематичний термін
Тематичний термін чи географічна назва, як елемент введення (НП) 39 Культурна антропологія. Етнографія. Звичаї. Традиції. Спосіб життя. Фольклор
9 (RLIN) 15
942 ## - Додаткові елементи входу (Коха)
Тип елемента Koha Рідкісне/цінне видання
Source of classification or shelving scheme Universal Decimal Classification
955 ## - Код типу видання за змістом
Код типу видання за змістом (НП) Літературно-художні видання
Фонди
Стан вилучень Стан втрат Джерело класифікації або схеми стелажів Стан уражень Не для кредиту Код колекції Постійне місце розташування Поточне розміщення Дата придбання Джерело придбання Вартість, звичайна ціна покупки Інвентарний номер Усього замовленно Повний номер виклику Штрих-код Дата останнього перегляду Вартість, ціна заміни Ціна ефективна від Тип елемента Koha
    Universal Decimal Classification     Колекція Шевчука Валерія АБ - Абонемент НБ АБ - Абонемент НБ 05/05/2026 Акт №24/28.04.2026 100.00 169900   39(477) Г82 169900 05/05/2026 100.00 05/05/2026 Рідкісне/цінне видання